01279cam a2200337 4500001001400000005001700014008004100031020003100072040003200103041001300135044001100148072004800159080002500207080002300232100003000255240004100285245014300326250001500469264002900484300002300513336002600536337002900562338002900591490006100620500009300681655003100774655003300805655003100838655003200869700004000901vtls01206909620260423075702.0210920s2020 xo g 010 f slo  a9788022212038q(viazané) aTTKJFbslocTTKJFdSNKerda1 asloheng axocSK 7a821.111(73)-3xAmerická próza2konspekt a821.111(73)-3122011 a(0:82-311.6)220111 aDavis, Fiona,d1966-4aut14aThe Lions of Fifth AvenuelSlovensky10aKnižnica na Piatej avenuecFiona Davisová ; z anglického originálu The Lions of Fifth Avenue ... preložila Marianna Bachledová aVydanie I. 1aBratislavabTatranc2020 a256 stránc24 cm atextbtxt2rdacontent abez médiabn2rdamedia azväzokbnc2rdacarrier1 aLUK - Knižnica svetových bestsellerovv179. zväzok aObsahuje stručné biografické údaje o autorke na záložke prebalu publikácie 7aamerické romány2SNKPH 7ahistorické romány2SNKPH 7aAmerican fiction2SNKPHeng 7aHistorical novels2SNKPHeng1 aBachledová, Marianna,d1989-4trl